[Event "19th Raciborz Open 2019"]
[Site "Raciborz"]
[Date "2019.02.11"]
[Round "5.10"]
[White "Helis, Tadeusz"]
[Black "Galuszka, Tomasz"]
[Result "0-1"]
[WhiteElo "2174"]
[BlackElo "2000"]
[Annotator "TA"]
[PlyCount "78"]
[EventDate "2019.02.09"]
[EventType "swiss"]
[EventCountry "POL"]
[SourceTitle "playchess.com"]
[Source "ChessBase"]
[SourceQuality "1"]

{[%evp 13,78,0,15,23,18,13,19,14,8,0,33,31,54,45,48,41,56,56,50,52,71,51,70,37,43,47,43,41,59,36,44,27,60,0,0,0,0,-24,34,27,35,37,95,106,214,211,243,160,226,46,62,48,28,0,0,0,0,-8,0,-29994,-29995,-29995,-29988,-29993,-29994,-29996,-29997]} 1. e4 c5 2. Nc3 e6 3. g3 d5 4. d3 Nc6 5. Bg2 dxe4 6. dxe4 Qxd1+ 7. Nxd1 Nf6 8. Ne3 {B23: Closed Sicilian: Lines without g3} Be7 (8... Bd7 9. e5 Nxe5 10. Bxb7 Rd8 11. Bg2 Bc6 12. Bxc6+ Nxc6 13. Kf1 Nd5 14. Nf3 g6 15. Nxd5 Rxd5 {1-0 (40) Iakymov,V (2453)-Tukhaev,A (2517) Alushta 2009}) 9. f4 O-O 10. Nh3 {The position is equal.} Rb8 $146 ({Predecessor:} 10... Rd8 11. Nf2 Bd7 12. O-O Nd4 13. Re1 Bb5 14. Kh1 Ba6 15. c3 {1-0 (47) Unger,M (2155)-Lenz,T (2160) Germany 1994}) 11. Nf2 Nd7 12. e5 Nd4 13. c3 Nf5 14. O-O b6 15. Rd1 Rd8 16. a4 {[%cal Ba2a4,Ba4a5][%mdl 32]} Bb7 17. a5 Bxg2 18. Kxg2 (18. Nxg2 {seems wilder.} h5 19. axb6 axb6 20. Ne3 Nxe3 21. Bxe3 Rb7 22. Kg2) 18... b5 19. Nxf5 exf5 20. Be3 Nf8 21. Rxd8 Rxd8 22. a6 Ne6 23. b4 ({White should try} 23. Kf3 $14) 23... Kf8 $11 24. Ra5 (24. bxc5 {keeps more tension.} Bxc5 25. Bxc5+ Nxc5 26. Ra5 Rd2 27. Kf1) 24... cxb4 25. cxb4 Nd4 (25... Nc7 $1 $11) 26. Bxd4 $14 Rxd4 27. Rxb5 {Threatens to win with Rb7.} Rxb4 {[%mdl 4096] Endgame [#] KRB-KRN} ({Black should play} 27... Bxb4 $14 28. Nd3 (28. Rb8+ Ke7 $11) 28... Be7) 28. Rb7 $1 $16 {[%cal Rb7a7]} g6 (28... Ke8 $16) 29. Rxa7 $18 Ra4 30. Nd3 Ra3 (30... Ke8 $16 31. Ra8+ Kd7) 31. Ne1 $2 (31. Ra8+ $18 Kg7 32. a7) 31... Bc5 32. Ra8+ Kg7 33. Nf3 Ra2+ 34. Kh3 Be3 35. Ng5 h6 36. e6 $2 {[%mdl 8192] [#]} (36. Nf3 $11) 36... hxg5 {Black mates.} 37. fxg5 fxe6 38. g4 Bf4 {[%csl Gf4][%cal Ra2h2]} 39. gxf5 gxf5 {Accuracy: White = 58%, Black = 50%.} 0-1

[Event "19th Raciborz Open 2019"]
[Site "Raciborz"]
[Date "2019.02.12"]
[Round "6.1"]
[White "Mirzoev, Emil"]
[Black "Bogdanov, Egor"]
[Result "1/2-1/2"]
[WhiteElo "2511"]
[BlackElo "2418"]
[Annotator "TA"]
[PlyCount "45"]
[EventDate "2019.02.09"]
[EventType "swiss"]
[EventCountry "POL"]
[SourceTitle "playchess.com"]
[Source "ChessBase"]
[SourceQuality "1"]

{[%evp 9,45,16,41,33,32,30,52,44,54,29,63,8,40,30,46,36,42,48,104,68,58,58,57,21,48,49,83,23,43,22,16,17,14,0,0,-9,0,-20]} 1. e4 b6 2. Nf3 Bb7 3. Nc3 g6 (3... e6 4. d4 Bb4 5. Bd3 Nf6 6. Qe2 d5 7. exd5 Qxd5 8. O-O Bxc3 9. bxc3 Nbd7 10. c4 Qh5 11. Bf4 Rc8 12. a4 a5 13. Rab1 O-O 14. Rb5 c5 15. dxc5 Rxc5 {0-1 (29) Eljanov,P (2734)-Carlsen,M (2827) Douglas 2017 CBM 181 [Stohl,I]}) 4. g3 Bg7 5. Bg2 e6 6. O-O {B00: Queen's Fianchetto Defence, Nimzowitsch Defence} Ne7 7. d4 d6 8. Be3 {White is slightly better.} h6 $146 ({Predecessor:} 8... O-O 9. Qd2 Nd7 10. Bh6 Nf6 11. Rfe1 Ng4 12. Bxg7 Kxg7 {½-½ (70) Le,T-Nghiem,T Hue 2012}) 9. Qd2 Nd7 10. Nh4 ({Better is} 10. Rfe1 $14) 10... g5 11. Nf3 Ng6 12. d5 O-O 13. Nd4 exd5 (13... Re8 $14) 14. exd5 Nde5 {[%cal Bd7e5,Be5g4,Bg4e3][%mdl 32]} 15. b3 Ng4 16. Rae1 Nxe3 17. Rxe3 Re8 18. Nf5 (18. Be4 $16) 18... Rxe3 19. Qxe3 Bc8 {The position is equal.} 20. Nxg7 Kxg7 21. Re1 Bd7 22. Qd4+ Qf6 23. Qxf6+ {Precision: White = 36%, Black = 46%.} 1/2-1/2

[Event "19th Raciborz Open 2019"]
[Site "Raciborz"]
[Date "2019.02.12"]
[Round "6.2"]
[White "Piotrowski, Przemyslaw"]
[Black "Peng, Li Min"]
[Result "0-1"]
[WhiteElo "2285"]
[BlackElo "2451"]
[Annotator "TA"]
[PlyCount "66"]
[EventDate "2019.02.09"]
[EventType "swiss"]
[EventCountry "POL"]
[SourceTitle "playchess.com"]
[Source "ChessBase"]
[SourceQuality "1"]

{[%evp 18,66,19,20,0,0,25,12,11,0,13,0,-9,-10,-6,-16,-4,-35,-32,-33,-25,-66,-52,-137,-161,-240,0,-279,-272,-263,-221,-603,-585,-600,-592,-735,-731,-847,-811,-814,-796,-2643,-2692,-2636,-2633,-2633,-2561,-2535,-1838,-2574,-2552]} 1. d4 Nf6 {[%cal Bg8f6,Bf6d5,Bd5b6][%mdl 32]} 2. Nf3 g6 3. g3 Bg7 4. Bg2 O-O 5. c4 d5 6. cxd5 Nxd5 7. O-O Nb6 8. Nc3 Nc6 9. e3 Re8 10. Re1 a5 {D76: Fianchetto Grünfeld: Main Line with 7...Nb6} 11. Qe2 (11. h3 a4 12. Rb1 a3 13. bxa3 e5 14. dxe5 Nxe5 15. Qxd8 Nxf3+ 16. Bxf3 Rxd8 17. Nb5 Be5 18. Nd4 Bxh3 19. Bxb7 Bxd4 20. exd4 {1-0 (38) Ivanchuk,V (2726)-Muzychuk,M (2540) Caleta 2018}) 11... Be6 12. Rd1 Bc4 {The position is equal.} 13. Qe1 Nb4 {Hoping for ...Nc2.} 14. Rd2 $146 (14. b3 {keeps more tension.} Ba6 15. Rb1 c5 16. dxc5 Nd3 17. Qd2) ({Predecessor:} 14. b3 Ba6 15. Qd2 c5 16. Ba3 cxd4 17. Nxd4 e5 18. Ndb5 {1-0 (37) Magalashvili,D (2482)-Kanmazalp,O (2369) Istanbul 2012}) 14... a4 15. Ne5 Bxe5 16. dxe5 Qc8 17. Qd1 c6 18. f4 Qe6 19. Ne4 Bxa2 20. Ng5 (20. Qe1 $15) 20... Qb3 $1 $17 21. Qg4 (21. Qe2 $142) 21... Rad8 $2 (21... Nc4 $19 22. Rd7 Nxe3 23. Bxe3 Qxe3+ 24. Kh1 h6) 22. e6 $2 {[%mdl 8192] [#]} (22. f5 $11 {and White is okay.}) 22... f5 $1 $19 {[%cal Rf5g4]} ({Less strong is} 22... Qxe3+ 23. Rf2 $17) (22... fxe6 23. Be4 $15) 23. Qh4 {[#]} h5 $1 $40 {[%mdl 128] Black is out for blood.} ({Weaker is} 23... Qxe3+ 24. Rf2 $11) 24. e4 $2 (24. Bf3 Qxe3+ 25. Rf2) 24... Rxd2 {Black is clearly winning.} 25. Bxd2 Qxb2 26. Rf1 Qxd2 27. exf5 Qe3+ 28. Kh1 Bd5 29. Nf7 Qe2 {[%cal Re2f1]} 30. Rg1 Bxg2+ 31. Rxg2 Qf1+ 32. Rg1 Qf3+ 33. Rg2 Nd3 {Precision: White = 24%, Black = 81%.} 0-1

[Event "19th Raciborz Open 2019"]
[Site "Raciborz"]
[Date "2019.02.12"]
[Round "6.3"]
[White "Frolov, Artur"]
[Black "Piankov, Evgenij"]
[Result "1-0"]
[WhiteElo "2447"]
[BlackElo "2225"]
[Annotator "TA"]
[PlyCount "131"]
[EventDate "2019.02.09"]
[EventType "swiss"]
[EventCountry "POL"]
[SourceTitle "playchess.com"]
[Source "ChessBase"]
[SourceQuality "1"]

{[%evp 10,131,41,16,23,14,23,5,25,8,12,2,44,14,8,-21,6,7,28,20,29,22,26,0,0,0,0,0,0,0,0,0,0,0,0,0,0,0,13,0,0,0,0,0,22,29,47,16,26,10,19,6,6,0,17,0,0,-13,-12,-9,-24,-34,-34,-43,0,0,0,0,12,12,59,59,62,45,45,45,49,48,66,44,66,44,48,44,44,44,51,51,2630,2407,1234,2191,1438,1631,1329,102,1747,30,152,160,173,30,29961,29963,29955,29965,29967,29968,29969,29970,29967,29962,6376,6133,4630,29971,29971,29972,29972,29973,29953,11582,4590,1632]} 1. e4 c6 2. d4 d5 3. Nd2 dxe4 4. Nxe4 Nf6 5. Nxf6+ exf6 6. Be3 Bd6 {B15: Caro-Kann: 3 Nc3: 3...g6 and 3...dxe4 4 Nxe4 Nf6 5 Nxf6+ exf6} 7. Bd3 O-O 8. Ne2 (8. c3 {feels hotter.} Re8 9. Qc2 h6 10. Ne2 Qc7 11. h3) 8... Qc7 {The position is equal.} (8... Re8 9. Qd2 Bg4 10. O-O Nd7 11. c4 Bxe2 12. Qxe2 Qc7 13. h3 c5 14. Qc2 {½-½ (37) Li,C (2613)-Zhao,Z (2592) Parramatta 2010}) 9. Qd2 Re8 10. O-O-O Nd7 $146 ({Predecessor:} 10... Na6 11. Bxa6 bxa6 12. d5 cxd5 13. Qxd5 Bf8 14. Bf4 {0-1 (70) Bachin,V (2406)-Opanasenko,M (2197) St Petersburg 2018}) 11. Rhe1 Nf8 12. Bf4 Bg4 {[#] White must now prevent ...Rxe2!} 13. f3 Bd7 14. Bxd6 Qxd6 15. Qf4 Qb4 16. d5 Qa5 17. dxc6 Bxc6 18. Nc3 Ng6 19. Bxg6 hxg6 20. Rxe8+ Rxe8 21. a3 g5 22. Qd4 a6 23. h3 Qe5 24. b4 Qg3 25. Rd2 Qe1+ 26. Kb2 Qf1 27. a4 Re5 28. Qd8+ (28. Kb3 {is interesting.} Be8 29. Qb6 Qc1 30. Rd3 Re7 31. Qd8) 28... Re8 29. Qd3 Qxd3 30. cxd3 $11 {[%mdl 4096] Endgame KRB-KRN} Kf8 31. d4 f5 32. d5 Bd7 33. a5 Ke7 34. d6+ Kd8 35. Nd5 Re6 36. Nb6 g4 37. hxg4 fxg4 38. fxg4 Rg6 39. Rf2 Rxd6 40. Rxf7 Bxg4 41. Rxg7 Rd2+ $1 42. Kc3 Rxg2 43. Rxb7 Be2 44. Rd7+ Ke8 45. Rd2 {Strongly threatening Nd5.} Rg3+ 46. Kd4 Bb5 47. Ke5 Rg4 48. Nd5 Rh4 $2 {[%mdl 8192]} (48... Rg7 $14) 49. Nc7+ $18 Ke7 50. Nxb5 {KRN-KR} Rh5+ 51. Kd4 Rxb5 {KR-KR} 52. Kc4 {And now Rh2 would win.} Rb8 $2 {[%mdl 8192]} (52... Rf5 $16 53. Rd3 Rh5) 53. Rd5 $2 ({White has to play} 53. Rh2 $18 {Hoping for Rh7+.} Rc8+ 54. Kd5) 53... Ke6 (53... Rc8+ $11 {remains equal.} 54. Kb3 Rc1) 54. Rh5 $16 {aiming for Rh6+.} Rc8+ {[#]} 55. Rc5 (55. Kb3 $1 $18) 55... Ra8 $2 {[%mdl 8192]} (55... Kd7 $11) 56. Rc6+ Kd7 57. Kc5 Kd8 58. Rh6 Kd7 59. Rh7+ Ke6 60. Rc7 Kf6 61. Kb6 Rb8+ 62. Rb7 (62. Kxa6 $18 Rxb4 63. Rb7) 62... Ra8 63. Ra7 Rb8+ 64. Kc5 Rc8+ 65. Kd5 Rd8+ 66. Kc6 {Accuracy: White = 56%, Black = 37%.} 1-0

[Event "19th Raciborz Open 2019"]
[Site "Raciborz"]
[Date "2019.02.12"]
[Round "6.4"]
[White "Tymrakiewicz, Rafal"]
[Black "Tomczak, Mikolaj"]
[Result "0-1"]
[WhiteElo "2194"]
[BlackElo "2423"]
[Annotator "TA"]
[PlyCount "94"]
[EventDate "2019.02.09"]
[EventType "swiss"]
[EventCountry "POL"]
[SourceTitle "playchess.com"]
[Source "ChessBase"]
[SourceQuality "1"]

{[%evp 23,94,0,0,-92,-101,-85,-106,-206,-220,-302,-293,-312,-298,-308,-296,-296,-341,-462,-452,-671,-477,-475,-470,-192,-487,-592,-264,-244,-249,-258,-266,-558,-543,-526,-558,-554,-558,-535,-552,-1089,-1059,-972,-740,-891,-873,-804,-710,-1204,-1201,-1333,-1285,-1691,-1562,-2189,-2221,-2137,-1953,-29980,-29979,-29986,-29987,-29987,-29988,-29990,-29987,-29987,-29988,-29988,-29989,-29989,-29990,-29990,-29991]} 1. d4 c5 2. e4 cxd4 3. c3 dxc3 4. Nxc3 Nc6 5. Nf3 d6 6. Bc4 a6 7. O-O Nf6 8. Bf4 {B21: Sicilian: 2 f4 and Morra Gambit} Bg4 9. h3 Bxf3 10. Qxf3 e6 11. Rfd1 Qc7 12. Rac1 Be7 {LiveBook: 4 Games} 13. Nd5 $146 (13. Bb3 $11 {keeps the balance.}) ({Predecessor:} 13. Bb3 Qb8 14. Na4 Qc7 15. Nc3 Qb8 16. Na4 Qc7 17. Nc3 {½-½ (17) Wilhelmi,D (2473)-Ruggeri Laderchi,G (2464) ICCF email 2013}) 13... exd5 $17 14. exd5 {[#]} Na7 $1 ({Stronger than} 14... Ne5 15. Bxe5 O-O 16. Bb3 $16) 15. Bd3 (15. Bb5+ $17 Nxb5 16. Rxc7 Nxc7 17. Re1) 15... Qd8 $19 16. Be3 O-O 17. Re1 Re8 18. Rc4 Bf8 19. Rec1 Nd7 20. Bxh7+ Kxh7 21. Qh5+ Kg8 22. Rh4 {[%csl Gh4][%cal Rh5h8]} f6 23. Qh7+ Kf7 24. Rh6 {[#]} Ne5 (24... Rxe3 $142 $1 25. Qg6+ (25. fxe3 Ne5) 25... Ke7 26. fxe3 Ne5) 25. f4 {[#]} Nf3+ $1 26. Kf2 (26. gxf3 Rxe3) 26... Qa5 27. b4 $2 (27. Qg6+ Ke7 28. gxf3) 27... Qxa2+ 28. Rc2 Qxd5 29. Qg6+ Ke6 {[%cal Bf7e6,Be6d7,Bd7c8][%mdl 32]} 30. Rh5 {[#]} Nh4 $1 31. f5+ (31. Rxh4 Qf5) 31... Kd7 32. Rxh4 Nc6 33. Rd2 Qb3 34. Bf4 Rad8 35. Rg4 Kc8 36. Rg3 Qxb4 37. Be3 d5 {[%cal Bd6d5,Bd5d4][%mdl 32]} 38. Rc2 d4 39. Bd2 Qa4 40. Rb2 d3 {Black mates.} 41. Rg4 Re2+ 42. Kg3 Bd6+ 43. Bf4 Rxb2 44. Bxd6 Qc2 45. Qxg7 Rxd6 46. Qf8+ Rd8 47. Qxf6 d2 0-1

[Event "19th Raciborz Open 2019"]
[Site "Raciborz"]
[Date "2019.02.12"]
[Round "6.5"]
[White "Kowalczyk, Rafal"]
[Black "Simantsev, Mikhail"]
[Result "0-1"]
[WhiteElo "2234"]
[BlackElo "2394"]
[Annotator "TA"]
[PlyCount "92"]
[EventDate "2019.02.09"]
[EventType "swiss"]
[EventCountry "POL"]
[SourceTitle "playchess.com"]
[Source "ChessBase"]
[SourceQuality "1"]

{[%evp 19,92,0,0,-7,4,-16,-27,-33,16,17,16,16,16,19,25,39,76,72,71,74,67,75,66,75,58,63,82,62,95,0,0,-35,-25,-106,-90,-119,-67,-223,-216,-311,-316,-310,-288,-277,-287,-277,-274,-343,-307,-342,-343,-512,-507,-527,-508,-629,-366,-356,-243,-619,-646,-634,-646,-838,-647,-637,-615,-619,-528,-1308,-1028,-1002,-1315,-1255,-1252]} 1. e4 {[%cal Be2e4,Be4e5][%mdl 32]} c5 2. Nf3 Nc6 3. c3 Nf6 4. e5 Nd5 5. d4 cxd4 6. cxd4 d6 7. exd6 Qxd6 8. Nc3 e6 9. Be2 {B22: Sicilian: 2 c3} (9. Bd3 Be7 10. O-O O-O 11. Ne4 Qd8 12. a3 b6 13. Be3 Bb7 14. Rc1 Rc8 15. Qe2 Nb8 16. Rxc8 Qxc8 17. Rc1 Qd8 18. Ne5 Nxe3 19. fxe3 Nd7 20. Nc6 Bxc6 21. Rxc6 Nf6 22. Nxf6+ Bxf6 23. Be4 Bg5 24. g3 Qd7 25. Kf2 f5 26. Bf3 Rc8 27. Qc4 {½-½ (27) Sevillano,E (2526)-Arnold,M (2540) Los Angeles 2012}) 9... Be7 10. O-O O-O {LiveBook: 6 Games} 11. Re1 {The position is equal.} Rd8 12. Bf1 $146 ({Predecessor:} 12. Qb3 Qb4 13. Qc2 Nxd4 14. Nxd4 Qxd4 15. Nxd5 Qxd5 {½-½ (84) Palkovi,J (2415)-Feletar,D (2407) Hungary 2007}) 12... b6 13. Bc4 Nxc3 14. bxc3 Bb7 15. Ng5 Bxg5 $1 16. Bxg5 Ne7 17. Qg4 $36 {[%mdl 2048] Black is under pressure.} Kh8 18. Bd3 Re8 19. Re3 f5 20. Qh5 Ng6 21. Rh3 {[%csl Gh3][%cal Rh5h7]} Nf8 22. Re1 {Threatens to win with Bxf5!} Qc6 {[%csl Gb7][%cal Rc6g2]} 23. Rg3 Qxc3 {[#]} 24. Rd1 (24. Rc1 $1 $16 {[%cal Rc1c3]} Qxd4 25. Rc7) 24... Qc7 $11 25. Bb5 Rec8 26. Bh4 (26. Re1 $11 {remains equal.}) 26... a6 $17 27. Ba4 Bd5 (27... f4 $17 28. Rgd3 h6) 28. Rh3 $2 (28. Bb3 $15) 28... Bxa2 $19 29. Bg3 (29. Bg5 {is a better defense.}) 29... f4 30. Bh4 b5 {[%cal Bb6b5,Bb5b4,Bb4b3][%mdl 32]} 31. Bb3 Bxb3 32. Rxb3 Qc2 33. Rbd3 b4 34. Qf3 a5 {[%cal Ba6a5,Ba5a4][%mdl 32]} 35. Bg5 (35. Be7 $142) 35... a4 36. Bxf4 Ng6 37. d5 exd5 38. Qxd5 b3 {Strongly threatening ...b2.} ({And not} 38... Nxf4 {[#]} 39. Qd8+ $1 {[%mdl 512]} Rxd8 40. Rxd8+ Rxd8 41. Rxd8#) 39. Bh6 $2 (39. Be5 Re8 40. Ba1) 39... Qc7 {Black is clearly winning.} ({Weaker is} 39... gxh6 40. Qd4+ Kg8 41. Qd5+ Kg7 42. Qd4+ Kg8 43. Qd5+ Kg7 44. Qd7+ Kh8 45. Qd4+ Kg8 $11) 40. Qd4 Qe5 {...Qxd4 is the strong threat.} 41. Be3 Qxd4 42. Bxd4 Nf4 43. Re3 Re8 {aiming for ...Ne2+.} 44. g3 Rxe3 45. Bxe3 Ne2+ 46. Kg2 b2 {Precision: White = 34%, Black = 72%.} 0-1

[Event "19th Raciborz Open 2019"]
[Site "Raciborz"]
[Date "2019.02.12"]
[Round "6.6"]
[White "Grabarczyk, Miroslaw"]
[Black "Polczyk, Mikolaj"]
[Result "1-0"]
[WhiteElo "2374"]
[BlackElo "2052"]
[Annotator "TA"]
[PlyCount "111"]
[EventDate "2019.02.09"]
[EventType "swiss"]
[EventCountry "POL"]
[SourceTitle "playchess.com"]
[Source "ChessBase"]
[SourceQuality "1"]

{[%evp 14,111,26,25,16,0,9,12,12,0,7,0,14,14,23,19,24,38,18,11,11,31,15,0,16,4,52,0,0,10,29,46,53,23,20,20,33,35,26,18,16,13,11,0,3,0,6,0,0,0,0,0,9,7,285,108,291,291,283,257,254,177,179,170,177,171,349,367,356,354,343,295,361,366,502,391,505,486,660,641,561,708,688,688,639,512,1087,743,714,0,1050,1009,1610,1539,4786,3490,6079,5572,2173,2251]} 1. d4 Nf6 2. c4 g6 3. Nf3 Bg7 4. g3 c6 5. Bg2 d5 6. b3 dxc4 7. bxc4 O-O 8. O-O c5 {D78: Fianchetto Grünfeld: 6 0-0 c6} 9. Bb2 Qb6 10. Qb3 Ne4 {The position is equal.} 11. e3 Nc6 12. Ne5 Nd6 (12... Ng5 {is more complex.} 13. Qxb6 axb6 14. Nxc6 bxc6 15. Bxc6 Ra6) 13. Nxc6 bxc6 14. dxc5 Qxc5 15. Bxg7 Kxg7 16. Nd2 {[%cal Bb1d2,Bd2b3,Bb3d4,Bd4c6][%mdl 32] [#]} Be6 $146 17. Rfc1 Rab8 18. Qc3+ Kg8 19. Nb3 Qa3 20. Nd4 Qxc3 21. Rxc3 Bxc4 (21... c5 $5 {[%cal Rc5d4]} 22. Nc6 Rb7 $11) 22. Nxc6 {[%mdl 64] [#] Double Attack} Rb7 23. Ra3 a6 24. Ne5 Ra7 25. Nxc4 Nxc4 26. Ra4 Nd6 27. Bf1 a5 28. Rd1 Rb8 29. Rd5 Rb1 30. Raxa5 Rxa5 31. Rxa5 $11 {[%mdl 4096] Endgame KRB-KRN} Ne4 $1 32. Rd5 Rb2 33. a4 {[%cal Ba2a4,Ba4a5,Ba5a6][%mdl 32]} Nc3 $2 {[%mdl 8192] [#]} (33... Nxf2 $11 {and Black has nothing to worry.} 34. h3 Ne4) 34. Rd8+ $18 Kg7 35. a5 Ra2 36. a6 Ne4 37. Bc4 Ra4 38. Bb5 Ra5 39. Be2 Nc5 $2 (39... Ra1+ 40. Kg2 Ra2) 40. Rc8 Ne6 41. Bc4 Kf6 42. Kg2 Ke5 43. Rc6 g5 44. Rb6 Ra4 45. f4+ gxf4 46. exf4+ Kf6 47. Bb3 Ra3 48. Kh3 Ra5 49. Kh4 h6 (49... Kg7 $142 50. Bxe6 fxe6 51. Rxe6 Kf7) 50. Kg4 Ra1 51. Kh4 Ra5 $1 52. h3 {White is clearly winning.} Ra1 53. g4 Kg7 54. Bxe6 fxe6 55. Rxe6 Ra3 56. f5 {Accuracy: White = 72%, Black = 43%.} 1-0

[Event "19th Raciborz Open 2019"]
[Site "Raciborz"]
[Date "2019.02.12"]
[Round "6.7"]
[White "Galuszka, Tomasz"]
[Black "Nester, Ihor"]
[Result "0-1"]
[WhiteElo "2000"]
[BlackElo "2369"]
[Annotator "TA"]
[PlyCount "72"]
[EventDate "2019.02.09"]
[EventType "swiss"]
[EventCountry "POL"]
[SourceTitle "playchess.com"]
[Source "ChessBase"]
[SourceQuality "1"]

{[%evp 13,72,0,0,-4,14,0,16,6,0,0,0,-18,2,3,12,13,26,31,32,30,47,30,42,23,31,29,39,27,26,15,32,21,22,10,24,5,0,-34,-30,-37,-25,-34,-21,-38,-36,-50,-70,-74,-68,-62,-56,-63,-41,-75,-74,-251,-252,-258,-246,-329,-326]} 1. e4 e5 2. Nf3 Nc6 3. Bb5 a6 4. Ba4 Nf6 5. Bxc6 dxc6 6. d3 Bd6 7. Nbd2 Be6 8. O-O {C77: Ruy Lopez: 3...a6 4 Ba4 Nf6, unusual lines} (8. b3 c5 9. Bb2 Nd7 10. Nc4 f6 11. Nh4 g6 12. g3 Qe7 13. Qd2 O-O-O 14. O-O-O Nb8 15. f4 Bxc4 16. bxc4 {½-½ (41) Tomczak,J (2598)-Vetoshko,V (2517) Suwalki 2017}) 8... O-O 9. b3 c5 10. Bb2 {The position is equal.} Nd7 11. Nc4 {[%cal Rf3e5]} f6 12. Nfd2 $146 ({Predecessor:} 12. Qd2 Nb8 13. Nh4 Nc6 14. Ne3 Nd4 15. Bxd4 cxd4 {½-½ (54) Dittmar,P-Oechslein,R (2225) Germany 1988}) 12... Be7 13. Ne3 b5 14. Nf5 Bxf5 15. exf5 Nb6 16. Ne4 Qd7 17. Qg4 Nd5 18. h3 Nf4 19. g3 Nd5 20. a4 Rab8 21. axb5 axb5 22. Ba3 Qc6 23. Qe2 Ra8 24. c4 Nb4 25. Nc3 Qd7 26. Bxb4 cxb4 27. Nd5 Bc5 28. Qe4 c6 29. Ne3 {[#] Threatens to win with Rxa8.} Ra3 30. cxb5 cxb5 31. Rab1 Rd8 32. Nc2 Raa8 33. Nxb4 Qd6 $36 {[%mdl 2048] Black is on the roll.} 34. Nc2 $2 {[#]} (34. Nc6 $17 Rdc8 35. b4 Bxf2+ 36. Kxf2 Rxc6 37. Rfc1) 34... Qxd3 $19 35. Qxd3 Rxd3 36. Rfd1 Rxg3+ {[%mdl 64] Double Attack. Accuracy: White = 29%, Black = 62%.} 0-1

[Event "19th Raciborz Open 2019"]
[Site "Raciborz"]
[Date "2019.02.12"]
[Round "6.8"]
[White "Polok, Kacper"]
[Black "Bogdanov, Ignat"]
[Result "0-1"]
[WhiteElo "2311"]
[BlackElo "2051"]
[Annotator "TA"]
[PlyCount "82"]
[EventDate "2019.02.09"]
[EventType "swiss"]
[EventCountry "POL"]
[SourceTitle "playchess.com"]
[Source "ChessBase"]
[SourceQuality "1"]

{[%evp 11,82,-16,-9,-30,0,0,25,13,36,-13,1,0,0,-86,-84,-77,-84,-128,-137,-189,-192,-200,-185,-261,-264,-260,-261,-278,-261,-266,-265,-247,-212,-239,-207,-275,-275,-311,-306,-310,-275,-367,-375,-486,-475,-469,-406,-403,-393,-541,-543,-599,-479,-661,-431,-1212,-1206,-1200,-1199,-1756,-1658,-1640,-1428,-29987,-29988,-29992,-29993,-29993,-29994,-29994,-29995,-29995,-29996]} 1. e4 e6 2. Nf3 d5 3. e5 c5 {[%cal Bc7c5,Bc5b4][%mdl 32]} 4. b4 cxb4 5. a3 bxa3 6. d4 Bd7 {LiveBook: 5 Games. C00: French: Unusual White 2nd moves} (6... Nc6 7. c3 Bd7 8. Bd3 h6 9. Nfd2 b5 10. Nb3 b4 11. cxb4 a2 12. Nc3 Bxb4 13. Bd2 Nge7 14. O-O O-O 15. Nb5 Bxd2 16. Qxd2 {0-1 (68) Fernandez,D (2461)-Korneev,O (2560) Telford 2018}) 7. Bd3 Be7 8. O-O a6 {The position is equal.} (8... a2 $5 9. Rxa2 Nc6 $11) 9. Nxa3 Nc6 10. c3 Rc8 11. Bd2 $146 ({Predecessor:} 11. Ne1 Na7 12. Bd2 Bxa3 13. Rxa3 Bb5 14. Bxb5+ Nxb5 15. Rb3 Ne7 16. f4 {0-1 (28) Cabot Muntane,J (1938)-Diaz Camallonga,C (2235) Barcelona 2014}) 11... Na7 12. Qb1 {[#]} (12. Re1 $11 {remains equal.}) 12... Bxa3 $1 $17 13. Rxa3 Bb5 14. c4 dxc4 {[%cal Bd5c4,Bc4c3][%mdl 32]} 15. Bxh7 (15. Be4 $17) 15... c3 $1 $19 16. Bg5 Ne7 17. Rc1 (17. Bd3 $142) 17... g6 18. Bxg6 fxg6 19. Bf6 Rg8 20. Raxc3 Rxc3 21. Rxc3 Nac6 22. Qc1 Qd5 ({Don't take} 22... Nxd4 23. Nxd4 Qxd4 24. Rc7) 23. Qh6 Kd7 24. h4 Re8 ({Weaker is} 24... Nxd4 25. Bxe7 Ne2+ 26. Kh2 $17) 25. Rc5 Qe4 26. Kh2 Be2 27. Ng5 Qf4+ 28. Kg1 Qxd4 29. Rc1 Qd2 30. Rb1 {intending Nf7.} b5 31. Qg7 Bd3 32. Ra1 b4 33. Qf7 (33. Nxe6 $142 Kxe6 34. Bxe7) 33... Nd8 34. Qg7 b3 35. Ra4 Ndc6 {aiming for ...b2.} 36. Qf7 Bf5 37. Nh7 b2 {Black mates.} 38. Bg5 b1=Q+ 39. Kh2 Qxf2 {[%csl Gf2][%cal Rb1g1]} 40. Nf6+ Kc7 {[%csl Gf2][%cal Rb1g1]} 41. Nxe8+ Kb8 {Precision: White = 19%, Black = 81%.} 0-1